| 000 | 00975nam a22003137a 4500 | ||
|---|---|---|---|
| 003 | CHAP | ||
| 005 | 20220329133010.0 | ||
| 008 | 971013s1989 r 00010 d | ||
| 010 | _a1106 | ||
| 011 | _a2078 | ||
| 035 | _a1267 | ||
| 040 | _cCHAP | ||
| 082 |
_a378.1 _bB37 |
||
| 100 | 0 | 0 |
_aBarquín Alvarez, Manuel. _910301 |
| 245 | _aSuperación académica y reforma universitaria | ||
| 260 |
_aMéxico : _bUNAM, _c1989 |
||
| 300 | _a275 p. | ||
| 500 | _a40-97 | ||
| 590 |
_aBATCH-UPD _b10 _c20130110 _lUCH01 _h1955 |
||
| 590 |
_aBATCH-UPD _b10 _c20130410 _lUCH01 _h1316 |
||
| 590 |
_aBATCH-UPD _b10 _c20130914 _lUCH01 _h0539 |
||
| 590 |
_aCONVERSION _b10 _c20130109 _lUCH01 _h1302 |
||
| 650 | 1 | 4 |
_aEducación superior _xAmérica Latina. _935605 |
| 650 | 1 | 4 |
_aReforma universitaria _xAmérica Latina. _995605 |
| 650 | 1 | 4 |
_aSociología educativa. _9108211 |
| 901 | _aBK | ||
| 942 | _cLIBRO | ||
| 949 |
_a378.1 B37 _bBC _cLIBRO _d33724000376604 _eLIBRO _gI. c/e _h78834 _i1267 _si _t20.00 |
||
| 999 |
_c1106 _d1106 |
||